000 00739nam a2200277Ia 4500
003 OSt
005 20220912145532.0
006 a|||||r|||| 00| 0
007 ta
008 220909b |||||||| |||| 00| 0 eng d
024 _a69810
037 _cTextual
040 _aCSL
_beng
_cCSL
041 _aeng
082 _aE:219un1,N64, M2
100 _aLowdin Per-olov Ed.
245 0 _aAdvances in quantum chemistry
260 _aNew York
_bAcademic Press
_c1982
300 _ap.
_ccm.
500 _aIncludes bibliography
650 _a Chemistry
650 _a Quantum chemistry
650 _aPhysical Chemistry
942 _hE:219un1,N64, M2
_cTEXL
_2CC
999 _c33947
_d33947